000 nam a22 7a 4500
999 _c15905
_d15905
008 161107b xxu||||| |||| 00| 0 eng d
020 _a0618000429
020 _a9780618000425
050 _aLB 2395.7 .K6 2001
100 _aKo, Susan
245 _aTeaching online :
_ba practical guide/
_cSusan Ko; Steve Rossen
260 _aBoston :
_bHoughton Mifflin,
_c©2001.
300 _axvii, 348p. :
_bill. ;
650 _a Education, Higher
_xComputer
_yassisted instruction.
650 _aWorld Wide Web
_x Study and teaching (Higher)
650 _aInternet in education.
700 _aRossen, Steve
942 _2lcc
_cBOOKS
_hLB 2395.7 .K6 2001